Werder Bremen Frauen 2025/26 - Statistiken

Allgemein
  • Dieses Quiz wurde 12 mal gespielt
  • Das Durchschnittsergebnis liegt bei 13 aus 30
Antwortstatistiken
Position Nummer Spielerin % Korrekt
Sturm 7 Larissa Mühlhaus
88%
Mittelfeld 28 Juliana Wirtz
63%
Sturm 11 Maja Sternad
63%
Tor 39 Mariella El Sherif
63%
Abwehr 5 Michelle Ulbrich
63%
Abwehr 15 Michelle Weiss
63%
Mittelfeld 22 Riecke Dieckmann
63%
Sturm 10 Tuana Mahmoud
63%
Mittelfeld 8 Amira Arfaoui
50%
Abwehr 2 Chiara D'Angelo
50%
Trainerin - Friederike Kromp
50%
Abwehr 23 Hanna Nemeth
50%
Abwehr 24 Lara Schmidt
50%
Mittelfeld 18 Lina Hausicke
50%
Mittelfeld 6 Reena Wichmann
50%
Mittelfeld 27 Sharon Beck
50%
Tor 1 Vanessa Fischer
50%
Sturm 31 Verena Wieder
50%
Sturm 16 Emöke Papai
38%
Abwehr 33 Maria Penner
38%
Sturm 9 Medina Desic
38%
Mittelfeld 13 Ricarda Walkling
38%
Abwehr 21 Caroline Siems
25%
Abwehr 4 Kaylie Ronan
25%
Sturm 20 Lena Petermann
25%
Mittelfeld 19 Saskia Matheis
25%
Abwehr 25 Lina Szaraz
13%
Mittelfeld 29 Melina Kunkel
13%
Abwehr 14 Michaela Brandenburg
13%
Tor 30 Sinem Özdemir
13%
Keine übereinstimmenden Quizze gefunden
Verteilung der Resultate
Anzahl Personen mit jedem Resultat
Perzentil nach korrekt beantworteten Fragen
Ihre Resultats-Entwicklung
Sie haben dieses Quiz noch nicht gespielt